[Event "Arco op 44th"]
[Site "Arco"]
[Date "2022.10.11"]
[Round "4"]
[White "Hoebarth, Guenter"]
[Black "Ratti, Ermanno"]
[Result "1-0"]
[WhiteElo "1868"]
[BlackElo "1643"]
[PlyCount "71"]
[EventDate "2022.10.08"]
[EventType "swiss"]
[EventRounds "9"]
[EventCountry "ITA"]
[SourceTitle "CBM 210 Extra"]
[Source "ChessBase"]
[SourceDate "2022.11.30"]
[SourceVersion "1"]
[SourceVersionDate "2022.11.30"]
[SourceQuality "1"]

1. e4 c5 2. b3 Nc6 3. Bb2 e6 4. d3 Nf6 5. Nd2 d6 6. f4 Be7 7. Ngf3 Qc7 8. g3 e5 9. fxe5 Nxe5 10. Nxe5 dxe5 11. Bg2 Be6 12. 0-0 0-0 13. Nc4 Ng4 14. Ne3 b6 15. Qe2 Nxe3 16. Qxe3 c4 17. Qe1 cxd3 18. cxd3 Rad8 19. Qe2 Bc5+ 20. Kh1 Qd6 21. d4 Bxd4 22. Bxd4 exd4 23. Qd3 b5 24. Qxb5 Rb8 25. Qd3 f6 26. Rfd1 Rfd8 27. Rac1 a5 28. Rd2 Qa3 29. Rdc2 Rd6 30. Bf1 a4 31. bxa4 Qxa4 32. g4 Rdb6 33. g5 fxg5 34. Qg3 Rb2 35. Rc7 Bf7 36. Rc8+ 1-0